Защита сада и огорода от болезней и вредителей (Запись № 390110)

Подробности
000 -МАРКЕР
контрольное поле 02062nam0a2200373 4500
001 - ИДЕНТИФИКАТОР ЗАПИСИ
контрольное поле RU\NLR\bibl\72533
005 - ИДЕНТИФИКАТОР ВЕРСИИ
контрольное поле 20250616100137.0
010 ## - МЕЖДУНАРОДНЫЙ СТАНДАРТНЫЙ НОМЕР КНИГИ (ISBN)
Номер (ISBN) 5-7578-0058-5
Тираж 12000
021 ## - НОМЕР ГОСУДАРСТВЕННОЙ РЕГИСТРАЦИИ
Код страны Российская Федерация
Номер 1999-43570
Номер Листа государственной регистраци 2144
035 ## - ДРУГИЕ СИСТЕМНЫЕ НОМЕРА
Идентификатор записи (NLR Aleph) 000070771
100 ## - ДАННЫЕ ОБЩЕЙ ОБРАБОТКИ
Данные общей обработки 20000228d1999 |||y0rusy50 ca
101 0# - ЯЗЫК РЕСУРСА
Язык текста, звукозаписи и т.д. русский
102 ## - СТРАНА ПУБЛИКАЦИИ ИЛИ ПРОИЗВОДСТВА
Страна публикации Российская Федерация
105 ## - ПОЛЕ КОДИРОВАННЫХ ДАННЫХ: ТЕКСТОВЫЕ МАТЕРИАЛЫ, МОНОГРАФИЧЕСКИЕ
Кодированные данные о монографическом текстовом документе a |||||||||
200 1# - ЗАГЛАВИЕ И СВЕДЕНИЯ ОБ ОТВЕТСТВЕННОСТИ
Основное заглавие Защита сада и огорода от болезней и вредителей
Сведения, относящиеся к заглавию [Без химикатов сад, огород]
Первые сведения об ответственности Кудрявец Р.П., Приходько Ю.Н., Корганова Н.Н. и др.
210 ## - ПУБЛИКАЦИЯ, РАСПРОСТРАНЕНИЕ И ДР.
Место издания, распространения и т.д. М.
Имя издателя, распространителя и т. д. МСП
Дата издания, распространения и т.д. 1999
215 ## - ФИЗИЧЕСКАЯ ХАРАКТЕРИСТИКА
Специфическое обозначение материала и объем 380,[1] с.
Другие сведения о физической характеристике ил.
Размеры 20
320 ## - ПРИМЕЧАНИЯ О НАЛИЧИИ В ДОКУМЕНТЕ БИБЛИОГРАФИИ / УКАЗАТЕЛЯ
Текст примечания Предм. указ.: с. 372-377
606 0# - НАИМЕНОВАНИЕ ТЕМЫ КАК ПРЕДМЕТ
Наименование темы Овощные культуры
Формальный подзаголовок Популярная литература
Тематический подзаголовок Болезни и вредители
-- Биологические методы борьбы
Системный номер авторитетной/нормативной записи 1061176
Идентификатор авторитетной/нормативной записи RU\NLR\auth\6693456
606 0# - НАИМЕНОВАНИЕ ТЕМЫ КАК ПРЕДМЕТ
Наименование темы Овощные культуры
Формальный подзаголовок Популярные издания
Тематический подзаголовок Болезни и вредители
-- Борьба с ними
-- Биологические методы
Системный номер авторитетной/нормативной записи 2584452
Идентификатор авторитетной/нормативной записи RU\NLR\auth\661527645
606 0# - НАИМЕНОВАНИЕ ТЕМЫ КАК ПРЕДМЕТ
Наименование темы Плодовые культуры
Формальный подзаголовок Популярная литература
Тематический подзаголовок Болезни и вредители
-- Биологические методы борьбы
Системный номер авторитетной/нормативной записи 1254174
Идентификатор авторитетной/нормативной записи RU\NLR\auth\66513931
606 0# - НАИМЕНОВАНИЕ ТЕМЫ КАК ПРЕДМЕТ
Наименование темы Плодовые культуры
Формальный подзаголовок Популярные издания
Тематический подзаголовок Болезни и вредители
-- Борьба с ними
-- Биологические методы
Системный номер авторитетной/нормативной записи 2538391
Идентификатор авторитетной/нормативной записи RU\NLR\auth\661503000
686 ## - ИНДЕКСЫ ДРУГИХ КЛАССИФИКАЦИЙ
Индекс П491.4-53я9
686 ## - ИНДЕКСЫ ДРУГИХ КЛАССИФИКАЦИЙ
Индекс П491.5-53я9
701 #1 - ИМЯ ЛИЦА - АЛЬТЕРНАТИВНАЯ ОТВЕТСТВЕННОСТЬ
Начальный элемент ввода Кудрявец
Часть имени, кроме начального элемента ввода Р. П.
Расширение инициалов личного имени Роман Петрович
Код отношения Автор
701 #1 - ИМЯ ЛИЦА - АЛЬТЕРНАТИВНАЯ ОТВЕТСТВЕННОСТЬ
Начальный элемент ввода Приходько
Часть имени, кроме начального элемента ввода Ю. Н.
Расширение инициалов личного имени Юрий Николаевич
Код отношения Автор
701 #1 - ИМЯ ЛИЦА - АЛЬТЕРНАТИВНАЯ ОТВЕТСТВЕННОСТЬ
Начальный элемент ввода Корганова
Часть имени, кроме начального элемента ввода Н. Н.
Расширение инициалов личного имени Нина Николаевна
Код отношения Автор
801 #0 - ИСТОЧНИК ЗАПИСИ
Страна Российская Федерация
Организация NLR
Дата составления 20000228
Правила каталогизации PSBO
801 #1 - ИСТОЧНИК ЗАПИСИ
Страна Российская Федерация
Организация NLR
Дата составления 20000228
852 ## - МЕСТОНАХОЖДЕНИЕ И ШИФР ХРАНЕНИЯ
Идентификатор организации NLR
Шифр хранения (Call Number) 99-3/19562
942 ## - ДОПОЛНИТЕЛЬНЫЕ ЭЛЕМЕНТЫ ЗАПИСИ (АБИС)
Тип экземпляра АБИС Книга
980 ## - КОЛЛЕКЦИЯ
Название коллекции Национальная библиография
Экземпляры
Тип экземпляра Дата поступления Источник поступления Библиотека постоянного хранения Библиотека текущего хранения Место хранения Шифр хранения Штрих-код Статус экземпляра
Книга 28.02.2000 Обязательный экземпляр РНБ (Московский) РНБ (Московский) Русский книжный фонд: издания с 1957 года 99-3/19562 9482  
Книга 28.02.2000 Обязательный экземпляр РНБ (Московский) РНБ (Московский) Русский книжный фонд: издания с 1957 года 99-3/19562 9483